000 00750nam a22001937a 4500
005 20250821163737.0
010 _aHIN-129857
020 _c320.00
_a9788189679279
035 _aHN-102203
037 _bDBAD
082 _a921
100 _aरावत, अंजीव
_984226
245 _aमहान शिक्षा शास्त्री डॉ सर्वपल्ली राधाकृष्णन /
_cअंजीव रावत
260 _aजयपुर ,
_bमॉडर्न बुक डिपो,
_c2021
270 _a266, चौडा रास्ता ,
_bजयपुर ,
300 _a120पृ.
_c22सेमी (सजिल्द)
760 _b1
942 _2ddc
_cHN
_h921
_mरावत
999 _c211877
_d211877